000 03913cam a22007454a 4500
001 52201
005 20230410121037.0
008 060127s2006 dcu b 001 0 eng
010 _a 2006003009
035 _a(OCoLC)ocm63390556
040 _aDLC
_cDLC
_dBAKER
_dC#P
_dUKM
_dYDXCP
_dVYF
_dOCLCQ
_dIXA
_dCOO
_dIG#
_dBTCTA
_dCS1
_dLVB
_dNLGGC
015 _aGBA675417
_2bnb
016 7 _a013542544
_2Uk
020 _a1589011090 (hardcover : alk. paper)
020 _a9781589011090 (hardcover : alk. paper)
020 _a1589011082 (pbk. : alk. paper)
020 _a9781589011083 (pbk. : alk. paper)
029 1 _aYDXCP
_b2421898
029 1 _aYDXCP
_b2421900
029 1 _aIG#
_b1589011082
029 1 _aIG#
_b1589011090
029 1 _aNLGGC
_b29189772X
029 1 _aNZ1
_b10673108
035 _a(OCoLC)63390556
042 _apcc
043 _an-us---
050 1 4 _aJK526 2004
_bV35 2006
082 0 0 _a324.973/0931
_222
084 _a89.57
_2bcl
084 _a15.85
_2bcl
245 0 4 _aThe values campaign? :
_bthe Christian right and the 2004 elections /
_ceditors, John C. Green, Mark J. Rozell, Clyde Wilcox.
260 _aWashington, D.C. :
_bGeorgetown University Press,
_cc2006.
300 _aviii, 273 p. ;
_c23 cm.
490 1 _aReligion and politics series
504 _aIncludes bibliographical references and index.
505 0 0 _tThe march goes on : the Christian Right and the 2004 values campaign /
_rJohn C. Green, Mark J. Rozell, and Clyde Wilcox --
_tThe "values vote"? : moral issues and the 2004 elections /
_rMark J. Rozell and Debasree Das Gupta --
_tAgents of value : Christian Right activists in 2004 /
_rJohn C. Green, Kimberly H. Conger, and James L. Guth --
_tSaving marriage by banning marriage : the Christian Right finds a new issue in 2004 /
_rClyde Wilcox, Linda M. Merolla, and David Beer --
_tOhio : the Bible and the Buckeye State /
_rJohn C. Green --
_tMichigan : a war on the home front? /
_rJames M. Penning and Corwin E. Smidt --
_tIowa : in the heart of Bush Country /
_rKimberly H. Conger and Donald Racheter --
_tMinnesota : battleground politics in a new setting /
_rChristopher P. Gilbert --
_tFlorida : so close and yet so far /
_rKenneth D. Wald ... [et al.] --
_tColorado : an uphill climb /
_rCarin Larson --
_tOklahoma : a battle of good versus evil /
_rShad B. Satterhwaite --
_tCalifornia mâenage áa trois : the Christian Right, the Republican Party, and Arnold Schwarzenegger /
_rJ. Christopher Soper and Joel S. Fetzer --
_tSouth Carolina : integration and success? /
_rJames L. Guth.
650 0 _aPresidents
_zUnited States
_xElection
_y2004.
650 0 _aElections
_zUnited States.
650 0 _aReligious right
_zUnited States.
650 0 _aChristian conservatism
_zUnited States.
651 0 _aUnited States
_xPolitics and government
_y2001-
650 6 _aPrâesidents
_zâEtats-Unis
_xâElections
_y2004.
650 6 _aâElections
_zâEtats-Unis.
650 6 _aDroite religieuse
_zâEtats-Unis.
650 6 _aConservatisme chrâetien
_zâEtats-Unis.
651 6 _aâEtats-Unis
_xPolitique et gouvernement
_y2001-
650 1 7 _aChristenen.
_2gtt
650 1 7 _aRechts (politiek)
_2gtt
650 1 7 _aVerkiezingen.
_2gtt
650 1 7 _aVerkiezingscampagnes.
_2gtt
650 1 7 _aWaarden.
_2gtt
651 7 _aVerenigde Staten.
_2gtt
700 1 _aGreen, John Clifford,
_d1953-
700 1 _aRozell, Mark J.
700 1 _aWilcox, Clyde,
_d1953-
830 0 _aReligion and politics series (Georgetown University)
856 4 1 _3Table of contents
_uhttp://www.loc.gov/catdir/toc/ecip067/2006003009.html
938 _aBaker & Taylor
_bBKTY
_c26.95
_d20.21
_i1589011082
_n0006726724
_sactive
938 _aBaker & Taylor
_bBKTY
_c44.95
_d44.95
_i1589011090
_n0006726723
_sactive
938 _aIngram
_bINGR
_n1589011090
938 _aBaker and Taylor
_bBTCP
_n2006003009
938 _aYBP Library Services
_bYANK
_n2421898
942 _2lcc
_cbk
994 _aC0
_bDRFGD
999 _c56821
_d56821